00271nam a2200121Ia 45000030006000000080041000060400015000471000016000622450022000782600020001005460012001200050017001320STCL150530s9999 xx 000 0 und d aSTCLcSTCL aHenry James aTragic muse vol-2 bMacmillanc1921 aEnglish20220125171021.0